College Trivia #2- University of Akron - Statistics

General Stats
  • This quiz has been taken 15 times
  • The average score is 10 of 13
Answer Stats
Hint Answer % Correct
Which city in that State? Akron
100%
University Primary Color Blue
100%
University Secondary Color Gold
100%
Located in which U.S. State? Ohio
100%
Mascot's Name Zippy
100%
University Team Name Zips
100%
The Animal of Previous Kangaroo
91%
Sports Conference Mid-American Conference
91%
Main Rivalry College Kent State
82%
In 2009, Akron was number onein the country for this sport going undefeated, and lost in the finals to Virginia Soccer
64%
Former name of U Akron was_______ College Buchtel
36%
Notable Alumni, this famous football coach was with Akron for a few years. Today, one of the most prestigious sports awards is named after him John Heisman
36%
Formerly known as Sigma DeltaTheta, this sorority was founded in University of Akron Alpha Delta Pi
0%
No matching quizzes found
Score Distribution
Percent of People with Each Score
Percentile by Number Answered
Your Score History
You have not taken this quiz